South Asian Countries - Statistics

General Stats
  • This quiz has been taken 21 times
  • The average score is 7 of 8
Answer Stats
Answer % Correct
India
100%
Pakistan
94%
Sri Lanka
94%
Nepal
88%
Afghanistan
82%
Bangladesh
82%
Maldives
82%
Bhutan
71%
No matching quizzes found
Score Distribution
Percent of People with Each Score
Percentile by Number Answered
Your Score History
You have not taken this quiz